000 00491nam a2200169 i 4500
001 58812
003 ES-MaACL
005 20230906163908.0
007 t|
008 031024s1963 sp ||||1| spa d
100 1 _aDuval, L.E.
_cArzobispo de Argel.
_946377
245 1 0 _aMensajes de paz /
_cDuval L. E. ; traducido por Jesús Massip.
260 _aBarcelona :
_bEstela,
_c[1963]
300 _a215 p. ;
_c21 cm.
700 1 _aMassip, Jesús.
_978826
852 _aES-MaACL
_jC-23507
_bR.51838
999 _c58812
_d58812